00323nam a22001337a 4500003000700000005001700007008004100024082001700065100002600082245002500108260004300133300000800176650000500184MPLRDC20220104123513.0210129b ||||| |||| 00| 0 eng d a229.2 MTL-2  a曼陀罗室主人著 a观世音菩萨传c ab财团法人台湾省乌日天c1981 b平 a